00490nam a22001577a 450000500170000000800410001702000340005804100130009208200130010510000290011824500660014725000180021326000440023130000310027565000260030620240131091902.0240131b |||||||| |||| 00| 0 eng d a9780639010366 ; 9780639010373 aEnglish  a347 MAR  aMarnewick, CG lEnglish  aLitigation Skills for South African Lawyers / cCG Marnewick  aFirst Edition aDurban : bLexisNexis (Pty) Ltd, c2019 bxxi, 534 pages ; c25 cm.  aLegal practice bLaw